000
00330nam a22001577a 4500
003
SGT
020
_a
978-0-323-05355-6
082
_a
617.51, H10S
100
_a
SOM, PETER M.
245
_a
HEAD & NECK IMAGING
250
_a
5TH
260
_a
MISSOURI
_b
ELSEVIER
_c
2014
300
_a
1650
650
_a
E.N.T
942
_2
ddc
_c
BK
999
_c
8478
_d
8478